| 000 | 00533nam a22002177a 4500 | ||
|---|---|---|---|
| 003 | URS | ||
| 005 | 20250828100512.0 | ||
| 008 | 250402b ||||| |||| 00| 0 eng d | ||
| 020 | _a0201081598 | ||
| 040 | _cURS | ||
| 050 |
_aQA154 _b.V18 1975 |
||
| 100 |
_912004 _aVance, Elbridge P. |
||
| 245 | _aModern college algebra | ||
| 264 | _c©1975 | ||
| 300 |
_a310 pages.,: _c25 cm. |
||
| 336 |
_2rdacontent _atext |
||
| 337 |
_2rdamedia _aunmediated |
||
| 338 |
_2rdacarrier _avolume |
||
| 650 | 0 |
_91236 _aAlgebra |
|
| 942 |
_2lcc _cCR |
||
| 999 |
_c85010 _d85008 |
||